000
00334nam a22001457a 4500
008
230719b ||||| |||| 00| 0 eng d
020
_a
9780471060534
041
_a
eng
080
_a
621
082
_a
621YAR
100
_a
20
101
_a
MEK
245
_a
THEORY AND APPLICATIONS OF QUANTUM MECHANICS
_c
YARIV A
942
_2
udc
_c
BK
999
_c
60177
_d
60177